A brief look at collateral warranty agreements (Record no. 73558)

MARC details
000 -LEADER
fixed length control field 01196cam a2200229 4500
001 - CONTROL NUMBER
control field ABS67030
008 - FIXED-LENGTH DATA ELEMENTS--GENERAL INFORMATION
fixed length control field 031003n2003 000 0 eng u
035 ## - SYSTEM CONTROL NUMBER
System control number (Sirsi) u123842
100 ## - MAIN ENTRY--PERSONAL NAME
Personal name Seddon, J.
245 #2 - TITLE STATEMENT
Title A brief look at collateral warranty agreements
260 ## - PUBLICATION, DISTRIBUTION, ETC.
Date of publication, distribution, etc. 2003
490 ## - SERIES STATEMENT
Series statement Property Law
Volume/sequential designation (63) April 2003, 1-3(3)
520 ## - SUMMARY, ETC.
Summary, etc. Second in a series of articles covering construction law which looks at the development of collateral warranty agreements and how they grew out of the need to provide third parties with contractual rights in respect of underlying construction contracts to which they were not a contracting party. Examines when a collateral warranty agreement is necessary and whether they are enforceable. Concludes they serve an important purpose in commercial property developments. (See also Abs66406 and Abs67039).
590 ## - LOCAL NOTE (RLIN)
Local note ABS
650 ## - SUBJECT ADDED ENTRY--TOPICAL TERM
Topical term or geographic name entry element BUILT ENVIRONMENT-BUILDING CONTRACT FORMS-CONSTRUCTION COLLATERAL WARRANTY FORMS
650 ## - SUBJECT ADDED ENTRY--TOPICAL TERM
Topical term or geographic name entry element CONSTRUCTION LAW
650 ## - SUBJECT ADDED ENTRY--TOPICAL TERM
Topical term or geographic name entry element BUILT ENVIRONMENT-BUILDING CONTRACT FORMS
650 ## - SUBJECT ADDED ENTRY--TOPICAL TERM
Topical term or geographic name entry element COMMERCIAL CONTRACTS
650 ## - SUBJECT ADDED ENTRY--TOPICAL TERM
Topical term or geographic name entry element THIRD PARTIES
690 ## - LOCAL SUBJECT ADDED ENTRY--TOPICAL TERM (OCLC, RLIN)
Topical term or geographic name as entry element BUILT ENVIRONMENT-BUILDING CONTRACT FORMS
942 ## - ADDED ENTRY ELEMENTS (KOHA)
Suppress in OPAC 0
Holdings
Withdrawn status Lost status Source of classification or shelving scheme Damaged status Not for loan Home library Current library Shelving location Date acquired Total Checkouts Full call number Barcode Date last seen Copy number Price effective from Koha item type
    Dewey Decimal Classification     London London Journal article 03/10/2003   ABS67030 123842-1001 06/08/2019 1 06/08/2019 Journal article